Welcome to CU Library Online Public Access Catalogue (OPAC)

Church people in the struggle : (Record no. 9458)

MARC details
000 -LEADER
fixed length control field 01107pam a2200265 a 4500
001 - CONTROL NUMBER
control field 2977972
005 - DATE AND TIME OF LATEST TRANSACTION
control field 20260422130709.0
008 - FIXED-LENGTH DATA ELEMENTS--GENERAL INFORMATION
fixed length control field 920713s1993 nyua b 001 0 eng
020 ## - INTERNATIONAL STANDARD BOOK NUMBER
International Standard Book Number 0195079671
020 ## - INTERNATIONAL STANDARD BOOK NUMBER
International Standard Book Number 9780195079678
050 00 - LIBRARY OF CONGRESS CALL NUMBER
Classification number E185.61
Item number .F47 1993
082 00 - DEWEY DECIMAL CLASSIFICATION NUMBER
Classification number 261.8/348/0097309045
Edition information 20
100 1# - MAIN ENTRY--PERSONAL NAME
Personal name Findlay, James F.,
Dates associated with a name 1930-
245 10 - TITLE STATEMENT
Title Church people in the struggle :
Remainder of title the National Council of Churches and the Black freedom movement, 1950-1970 /
Statement of responsibility, etc. James F. Findlay, Jr.
260 ## - PUBLICATION, DISTRIBUTION, ETC.
Place of publication, distribution, etc. New York :
Name of publisher, distributor, etc. Oxford University Press,
Date of publication, distribution, etc. 1993.
300 ## - PHYSICAL DESCRIPTION
Extent viii, 255 p. :
Other physical details ill. ;
Dimensions 24 cm.
650 #0 - SUBJECT ADDED ENTRY--TOPICAL TERM
Topical term or geographic name entry element African Americans
General subdivision Civil rights.
650 #0 - SUBJECT ADDED ENTRY--TOPICAL TERM
Topical term or geographic name entry element Civil rights movements
Geographic subdivision United States
General subdivision History
Chronological subdivision 20th century.
650 #0 - SUBJECT ADDED ENTRY--TOPICAL TERM
Topical term or geographic name entry element African Americans
General subdivision Civil rights
Geographic subdivision Mississippi.
650 #0 - SUBJECT ADDED ENTRY--TOPICAL TERM
Topical term or geographic name entry element Civil rights movements
Geographic subdivision Mississippi
General subdivision History
Chronological subdivision 20th century.
650 #0 - SUBJECT ADDED ENTRY--TOPICAL TERM
Topical term or geographic name entry element Civil rights
General subdivision Religious aspects
-- Christianity.
650 #0 - SUBJECT ADDED ENTRY--TOPICAL TERM
Topical term or geographic name entry element Race relations
General subdivision Religious aspects
-- Christianity.
856 42 - ELECTRONIC LOCATION AND ACCESS
Materials specified Publisher description
Uniform Resource Identifier <a href="http://www.loc.gov/catdir/enhancements/fy0635/92027457-d.html">http://www.loc.gov/catdir/enhancements/fy0635/92027457-d.html</a>
942 ## - ADDED ENTRY ELEMENTS (KOHA)
Source of classification or shelving scheme Library of Congress Classification
Koha item type Books
Suppress in OPAC No
999 ## -
-- 9458
-- 9458
Holdings
Withdrawn status Lost status Source of classification or shelving scheme Damaged status Not for loan Collection Home library Current library Shelving location Date acquired Total checkouts Full call number Barcode Date last seen Price effective from Koha item type
    Library of Congress Classification     Non-fiction Main Library (Kumasi) Main Library (Kumasi) General stacks 04/22/2026   E185.61F47 FIN bssk00000148 04/22/2026 04/22/2026 Books
© 2023-2024 Copyright: Central University Libraries. All Rights Reserved | Created by: Mahone Tech Office